000 00596nam a2200193Ia 4500
003 GCL
008 140319s9999 xx 000 0 ara d
040 _aGCL /
_cGCL
082 0 4 _a347.01
_bع.ا
100 1 _aعبدالفتاح مراد
_vReviewer
_@
…راجع
245 1 0 _aاصول اعمال المحضرين فى الاعلان والتنفيذ /
_cعبدالفتاح مراد
260 _a[S.N] :
_bالمجالس ،
_c1991
300 _a479 ص
490 _a
650 0 4 _aالقانون
650 0 4 _aمصر
650 0 4 _aقانون المرافعات
942 _2ddc
_cBK
999 _c53935
_d53935